| 000 | 01341nam a2200205 a 4500 | ||
|---|---|---|---|
| 003 | AR-BaBN | ||
| 005 | 20250924100758.0 | ||
| 007 | ta | ||
| 008 | 150929s1981 000 spa d | ||
| 022 | _a0325-819X | ||
| 040 | _cAR-RoIUNI | ||
| 080 | _a159.922 | ||
| 245 | 0 |
_aPSICOANALISIS: REVISTA DE LA ASOCIACION PSICOANALITICA DE BUENOS AIRES Nº2-3. _bNiñez y adolescencia |
|
| 260 | _c1981. | ||
| 500 | _aEncuadre psicoanalítico y envolturas psíquicas / Didier Anzieu. El analista en el trabajo y/o el niño en el analista / Claudine Geissmann. El adolescente en el adulto / André Green. Interpretación: metáfora o analogía / Didier Houzel. La desesperación engendra la violencia, la violencia engendra la desesperación / Betty Joseph. Acerca de un destino luminoso de la paternidad: el padre imaginario / Julia Kristeva. Consulta terapéutica madre-lactante / Serge Lebovici. El proceso psicoanalítico. Veinte años después / Donald Meltzer La contratransferencia en el psicoanálisis del niño / Salomon Resnik La transferencia en el psicoanálisis de niños / Hanna Segal y Edna O'Shaughnessy Validaciones de los descubrimientos sobre el autismo / Frances Tustin | ||
| 650 |
_aPsicologia _9108 |
||
| 942 |
_2cdu _cBK |
||
| 956 |
_aMFLORES _b00 _c20150929 _lBNA01 _h1330 |
||
| 956 |
_aMFLORES _b00 _c20150929 _lBNA01 _h1330 |
||
| 999 |
_c6284 _d6284 |
||